Statistiken für Länder am nächsten zu Vereinigten Arabischen Emiraten

Klicken Sie hier um das Quiz zu spielen!

Allgemein

  • Dieses Quiz wurde 109 mal gespielt
  • Das Durchschnittsergebnis liegt bei 17 aus 20

Antwortstatistiken

kmLand% Korrekt
0Saudi-Arabien
100%
683Irak
99%
66Iran
99%
443Jemen
99%
0Oman
99%
32Katar
97%
627Afghanistan
92%
1206Indien
91%
560Kuwait
91%
529Pakistan
91%
1515Syrien
91%
158Bahrain
90%
1488Jordanien
90%
1234Somalia
79%
1562Türkei
79%
1515Dschibuti
67%
1108Eritrea
66%
1165Turkmenistan
60%
1516Sudan
57%
1540Aserbaidschan
53%

Verteilung der Resultate

Perzentil nach korrekt beantworteten Fragen

Anzahl Personen mit jedem Resultat

Ihre Resultats-Entwicklung

Sie haben dieses Quiz noch nicht gespielt